Vista completa de documento

FMT BK
LDR 00679naa  2200145ui 4500
001 000116872
005 20081030141745.0
008 960920s1990    ne            001 0 eng  
098 |a E2 |e Teoría monetaría
098 |a E3 |e Política monetaria
098 |a E8 |e Datos macroeconómicos generales
1001 |a Papademos, Lucas
24514 |a The supply of money and the control of nominal income / |c Lucas Papademos, Franco Modigliani.
500 |a Capítulo de libro
7001 |a Modigliani, Franco |d (1918-2003)
LKR |a ANA |b 000048397 |l NSB01 |m The supply of money and the control of nominal income / Lucas Papademos, Franco Modigliani. - P. 399-495 |n Handbook of monetary economics. Vol. I / ed. by B.M. Friedman and F.H. Hahn. - North Holland, 1990. - P. 399-495 |r 773
035 |a (OCoLC)1337732758 |z OCOLC1337732758
TYP |a Capitulo
SYS 000116872

2013 Banco de España, Madrid, España. Reservados todos los derechos
Basado en Ex Libris (© 2009 Ex Libris)

Contacto